Maps and survey : (Record no. 551830)

000 -LEADER
fixed length control field 00654cam a2200193 a 4500
082 ## - DEWEY DECIMAL CLASSIFICATION NUMBER
Classification number 940.54
Author Mark MAP
-- L-30,P-41
245 00 - TITLE STATEMENT
Title Maps and survey :
Remainder of title the Second World War, 1939-1945, Army /
Statement of responsibility, etc. compiled by Brigadier A. B. Clough.
260 ## - PUBLICATION, DISTRIBUTION, ETC.
Place of publication, distribution, etc. London :
Name of publisher, distributor, etc. War Office,
Date of publication, distribution, etc. 1952.
300 ## - PHYSICAL DESCRIPTION
Extent xv, 675 p. (some folded) :
Other physical details maps (some col.) ;
Dimensions 25 cm.
500 ## - GENERAL NOTE
General note Includes index.
526 ## - STUDY PROGRAM INFORMATION NOTE
Program name 0
Interest level 0
Reading level 0
Title point value 940_540000000000000_MAP
650 #0 - SUBJECT ADDED ENTRY--TOPICAL TERM
Topical term or geographic name entry element MCE
9 (RLIN) 379
650 #0 - SUBJECT ADDED ENTRY--TOPICAL TERM
Topical term or geographic name entry element Military maps.
9 (RLIN) 48987
650 #0 - SUBJECT ADDED ENTRY--TOPICAL TERM
Topical term or geographic name entry element Surveying.
650 #0 - SUBJECT ADDED ENTRY--TOPICAL TERM
Topical term or geographic name entry element World War, 1939-1945
Geographic subdivision Great Britain.
9 (RLIN) 48588
700 1# - ADDED ENTRY--PERSONAL NAME
Personal name Clough, A. B.
9 (RLIN) 48988
710 1# - ADDED ENTRY--CORPORATE NAME
Corporate name or jurisdiction name as entry element Great Britain.
9 (RLIN) 39715
942 ## - ADDED ENTRY ELEMENTS (KOHA)
Source of classification or shelving scheme
Koha item type Book
Holdings
Withdrawn status Lost status Source of classification or shelving scheme Damaged status Not for loan Permanent Location Current Location Date acquired Total Checkouts Full call number Barcode Date last seen Price effective from Koha item type
          Military College of Engineering (MCE) Military College of Engineering (MCE) 12/30/2014   940.54 MAP MCE-40364 12/30/2014 12/30/2014 Book
© 2023 Central Library, National University of Sciences and Technology. All Rights Reserved.